000 01628nab a22002657a 4500
999 _c5613
_d5613
003 OSt
005 20251222115158.0
008 190429b xxu||||| |||| 00| 0 spa d
040 _cPJ
100 _96586
_aLópez Castellano, Noelia Rocío
245 1 0 _aAbogados :
_bsujetos obligados ante la unidad de información financiera. Violación por parte del Estado Argentino del derecho a la privacidad, a trabajar, a la libertad de pensamiento y expresión, a la defensa, a la inviolabilidad de los papeles privados y a la no autoincriminación /
_cNoelia Rocío López Castellano.
260 _cCiudad Autónoma de Buenos Aires :
_aThomson Reuters La Ley,
_b2025.
300 _ap. 127-135
500 _aCita: TR LALEY AR/DOC/1621/2025.
505 _aSumario: I. Contexto internacional y normativa Interna.— II. Derecho a la privacidad.— III. Situación fáctica circular y derecho a trabajar.— IV. Derecho a la libertad de pensamiento y expresión.— V. Derecho a la defensa, a la no autoincriminación y a la inviolabilidad de los papeles privados.— VI. Conclusión.— VII. Referencias normativas.
505 _tSi te interesa el texto completo, solicitalo a koha@justierradelfuego.gov.ar
650 0 _9343
_aDERECHO PENAL
650 0 _92062
_aABOGADOS
650 0 _92724
_aDERECHO A LA INTIMIDAD
650 0 _93716
_aRESPONSABILIDAD DEL ABOGADO
650 0 _91260
_aLIBERTAD DE EXPRESION
650 0 _9586
_aDEFENSA EN JUICIO
773 0 _02658
_93164
_tRevista de derecho penal y criminología. Nº 7 - Agosto 2025
_dCiudad Autónoma de Buenos Aires : Thomson Reuters La Ley, 2017-
_x00347914
942 _2udc
_cANA